[Event "Swiss Queens Wed #13"]
[Site "FIDE Online Arena INT"]
[Date "2024.04.24"]
[Round "6"]
[White "Pham, Le Thao Nguyen"]
[Black "Balabayeva, Kseniya"]
[Result "1-0"]
[WhiteElo "2395"]
[BlackElo "2248"]
[PlyCount "119"]
[EventDate "2024.04.24"]
[EventType "swiss (blitz)"]
[EventRounds "11"]
[EventCountry "NET"]
[SourceTitle "CB18_2024"]
[SourceDate "2024.05.01"]
[SourceVersion "1"]
[SourceVersionDate "2024.05.01"]
[SourceQuality "2"]

1. d4 d5 2. Nf3 Nf6 3. Bf4 e6 4. e3 c5 5. c3 Nc6 6. Nbd2 Nh5 7. Be5 f6 8. Bg3 g6 9. Be2 cxd4 10. Nxd4 Ng7 11. 0-0 Be7 12. N2b3 0-0 13. c4 e5 14. Nxc6 bxc6 15. Rc1 Be6 16. f3 a5 17. cxd5 cxd5 18. Nc5 Bf7 19. Bf2 Rc8 20. Na4 Qd6 21. b3 Qa3 22. Rxc8 Rxc8 23. Ba6 Rd8 24. Qb1 Nf5 25. Rd1 d4 26. exd4 Nxd4 27. Kh1 Qd6 28. Bf1 Qb4 29. Nb2 Bd5 30. Bc4 Kg7 31. Bxd5 Rxd5 32. Na4 Qb7 33. Qe4 Qd7 34. h3 f5 35. Qd3 Bf6 36. Nb6 Qc6 37. Nxd5 Qxd5 38. Qc4 Qa8 39. Qc7+ Kh6 40. Bxd4 exd4 41. Qf7 Qc6 42. Qc4 Qd6 43. Qd3 Qg3 44. Qd2+ g5 45. Qe1 Qf4 46. Qe6 Kg7 47. Qd7+ Kh6 48. Qe6 Kg7 49. Re1 Qd2 50. Qd7+ Kg6 51. Qe6 d3 52. Qe3 Qc2 53. Rc1 Qb2 54. Rd1 Qc3 55. Qxd3 Qc5 56. Qd5 Qc3 57. Qd2 Qe5 58. Re1 Qg3 59. Qe2 Be5 60. Qxe5 1-0

[Event "Swiss Queens Wed #13"]
[Site "FIDE Online Arena INT"]
[Date "2024.04.24"]
[Round "11"]
[White "Pham, Le Thao Nguyen"]
[Black "Tokhirjonova, Gulruhbegim"]
[Result "0-1"]
[WhiteElo "2395"]
[BlackElo "2357"]
[PlyCount "86"]
[EventDate "2024.04.24"]
[EventType "swiss (blitz)"]
[EventRounds "11"]
[EventCountry "NET"]
[SourceTitle "CB18_2024"]
[SourceDate "2024.05.01"]
[SourceVersion "1"]
[SourceVersionDate "2024.05.01"]
[SourceQuality "2"]

1. d4 Nf6 2. Nf3 d5 3. Bf4 e6 4. e3 Bd6 5. Bg3 c5 6. Bb5+ Nc6 7. c3 0-0 8. Nbd2 Qc7 9. dxc5 Bxg3 10. hxg3 e5 11. b4 Bf5 12. a3 Rad8 13. Nh4 Be6 14. Qc2 Ne7 15. Bd3 e4 16. Be2 g5 17. f4 gxh4 18. gxh4 Kh8 19. c4 d4 20. Qb2 Nf5 21. Nf1 Rg8 22. Rg1 Qe7 23. g4 Nxe3 24. Nxe3 dxe3 25. g5 Rg6 26. h5 Rgg8 27. Kf1 Bh3+ 28. Ke1 Rd2 29. Qc3 Qe6 30. Rh1 Bg4 31. Rh2 Bxe2 32. Rxe2 Rxe2+ 33. Kxe2 Qg4+ 34. Kxe3 Qf3+ 35. Kd2 Rd8+ 36. Kc2 Qe2+ 37. Kb3 Rd3 38. gxf6 Rxc3+ 39. Kxc3 Qe3+ 40. Kb2 Qxf4 41. Rd1 Qxf6+ 42. Kc2 e3 43. b5 Qf2+ 0-1

[Event "Titled Tuesday intern op 02nd Apr Late"]
[Site "Chess.com INT"]
[Date "2024.04.02"]
[Round "10"]
[White "Bueno, Alfeu Varela Jr"]
[Black "Pham, Le Thao Nguyen"]
[Result "0-1"]
[WhiteElo "2140"]
[BlackElo "2395"]
[PlyCount "76"]
[EventDate "2024.04.02"]
[EventType "swiss (blitz)"]
[EventRounds "11"]
[EventCountry "USA"]
[SourceTitle "CB15_2024"]
[SourceDate "2024.04.10"]
[SourceVersion "1"]
[SourceVersionDate "2024.04.10"]
[SourceQuality "1"]

1. e4 c6 2. d4 d5 3. f3 e6 4. Nc3 Nf6 5. Bf4 a6 6. Qd3 b5 7. 0-0-0 Bb7 8. h4 a5 9. exd5 Nxd5 10. Nxd5 Qxd5 11. Kb1 Nd7 12. Ne2 b4 13. Qe3 Nb6 14. Be5 Nc4 15. Qf2 Nxe5 16. Nf4 Qd8 17. Re1 Ng6 18. Nd3 Bd6 19. h5 Ne7 20. h6 g6 21. g4 Ba6 22. d5 Nxd5 23. Ne5 Bxe5 24. Rxe5 Bxf1 25. Rxf1 0-0 26. Qd4 c5 27. Qxc5 Ne7 28. Qe3 Qd7 29. Rc5 Nd5 30. Qd4 f6 31. Rd1 Rf7 32. g5 Qe7 33. c4 bxc3 34. bxc3 Rb8+ 35. Ka1 Qb7 36. c4 Nb4 37. Rc1 Nc2+ 38. Rxc2 Qb1# 0-1

[Event "Titled Tuesday intern op 02nd Apr Late"]
[Site "Chess.com INT"]
[Date "2024.04.02"]
[Round "8"]
[White "Pham, Le Thao Nguyen"]
[Black "Prieto Aranguren, Alain"]
[Result "1-0"]
[WhiteElo "2395"]
[BlackElo "2184"]
[PlyCount "91"]
[EventDate "2024.04.02"]
[EventType "swiss (blitz)"]
[EventRounds "11"]
[EventCountry "USA"]
[SourceTitle "CB15_2024"]
[SourceDate "2024.04.10"]
[SourceVersion "1"]
[SourceVersionDate "2024.04.10"]
[SourceQuality "1"]

1. d4 d5 2. Nf3 e6 3. Bf4 Nf6 4. e3 Bd6 5. Bg3 0-0 6. Nbd2 c5 7. Ne5 Nc6 8. c3 Ne7 9. Bd3 b6 10. f4 Bb7 11. Qf3 Nf5 12. 0-0 Be7 13. Ng4 Nxg4 14. Qxg4 Nd6 15. Qh3 f5 16. Nf3 Ne4 17. Bh4 Bf6 18. g4 cxd4 19. cxd4 Rc8 20. Bxf6 Qxf6 21. Kh1 Rc7 22. Qg2 Rfc8 23. Ne5 Kh8 24. Rg1 Qh4 25. Raf1 fxg4 26. Nxg4 Nd6 27. Ne5 Nf5 28. Rf3 Rc1 29. Bxf5 Rxg1+ 30. Qxg1 exf5 31. Rg3 g6 32. Qf1 Rc2 33. Nxg6+ hxg6 34. Rh3 Qxh3 35. Qxh3+ Kg7 36. Qh4 Rc7 37. Qd8 Rf7 38. Kg2 Ba6 39. Qxd5 Bd3 40. Qe5+ Kg8 41. d5 Be4+ 42. Kg3 Kf8 43. d6 Kg8 44. Qe8+ Kg7 45. d7 Bc6 46. Qxf7+ 1-0

[Event "Swiss Queens Wed #9"]
[Site "FIDE Online Arena INT"]
[Date "2024.03.27"]
[Round "4"]
[White "Doluhanova, Evgeniya"]
[Black "Pham, Le Thao Nguyen"]
[Result "0-1"]
[WhiteElo "2261"]
[BlackElo "2395"]
[PlyCount "80"]
[EventDate "2024.03.27"]
[EventType "swiss (blitz)"]
[EventRounds "11"]
[EventCountry "NET"]
[SourceTitle "CB14_2024"]
[SourceDate "2024.04.01"]
[SourceVersion "1"]
[SourceVersionDate "2024.04.01"]
[SourceQuality "1"]

1. Nf3 d5 2. e3 c6 3. c4 Nf6 4. cxd5 cxd5 5. b3 Nc6 6. Bb2 a6 7. Nc3 Bg4 8. Be2 e6 9. Rc1 Bd6 10. h3 Bh5 11. 0-0 0-0 12. Na4 Rc8 13. Nc5 Qe7 14. Bxf6 gxf6 15. d4 Bg6 16. a3 Nb8 17. b4 Rc7 18. Qd2 Rfc8 19. Bd3 Kg7 20. Bxg6 hxg6 21. Na4 Nd7 22. Rxc7 Rxc7 23. Rc1 Qd8 24. Rxc7 Qxc7 25. Ne1 Qc4 26. Nc5 Bxc5 27. bxc5 b6 28. cxb6 Nxb6 29. Nd3 Qb3 30. Nc5 Qxa3 31. Qc2 Nc4 32. Kh2 a5 33. Qb1 Qb2 34. Qe1 Qb4 35. Qa1 Qd2 36. Kg3 Qe2 37. Qa4 Nd2 38. Qd7 Nf1+ 39. Kf4 Qxf2+ 40. Kg4 Qg3# 0-1

[Event "Swiss Queens Wed #9"]
[Site "FIDE Online Arena INT"]
[Date "2024.03.27"]
[Round "9"]
[White "Kosteniuk, Alexandra"]
[Black "Pham, Le Thao Nguyen"]
[Result "1/2-1/2"]
[WhiteElo "2501"]
[BlackElo "2395"]
[PlyCount "108"]
[EventDate "2024.03.27"]
[EventType "swiss (blitz)"]
[EventRounds "11"]
[EventCountry "NET"]
[SourceTitle "CB14_2024"]
[SourceDate "2024.04.01"]
[SourceVersion "1"]
[SourceVersionDate "2024.04.01"]
[SourceQuality "1"]

1. e4 c6 2. Nc3 d5 3. Nf3 dxe4 4. Nxe4 Nf6 5. Qe2 Nxe4 6. Qxe4 Qa5 7. b4 Qd5 8. Bd3 Nd7 9. Qxd5 cxd5 10. Bb2 f6 11. Nd4 e5 12. Ne6 Bd6 13. Nxg7+ Kf7 14. Nf5 Bxb4 15. a3 Bf8 16. Be2 h5 17. h4 Kg6 18. Ng3 Nb6 19. 0-0 Na4 20. Bc1 Bg4 21. f3 Bd7 22. Rb1 b6 23. Bb5 Bxb5 24. Rxb5 Rd8 25. f4 e4 26. f5+ Kf7 27. Ne2 a6 28. Rb3 Bd6 29. d3 b5 30. dxe4 dxe4 31. Bf4 Bc5+ 32. Be3 Bd6 33. Nd4 Rc8 34. Rf2 Rhg8 35. Rb1 Be5 36. Rd1 Rgd8 37. Rff1 Nc3 38. Rd2 Rc4 39. Nb3 Rxd2 40. Nxd2 Ra4 41. Kf2 Rxa3 42. g4 hxg4 43. h5 g3+ 44. Kg2 Kg7 45. h6+ Kh7 46. Rh1 Ra2 47. Rh4 Rxc2 48. Rg4 Nb1 49. Rg7+ Kh8 50. Rd7 Bc3 51. Rd8+ Kh7 52. Rd7+ Kh8 53. Rd8+ Kh7 54. Rd7+ Kh8 1/2-1/2

[Event "Swiss Queens Wed #9"]
[Site "FIDE Online Arena INT"]
[Date "2024.03.27"]
[Round "7"]
[White "Pham, Le Thao Nguyen"]
[Black "Osmak, Iulija"]
[Result "0-1"]
[WhiteElo "2395"]
[BlackElo "2452"]
[PlyCount "96"]
[EventDate "2024.03.27"]
[EventType "swiss (blitz)"]
[EventRounds "11"]
[EventCountry "NET"]
[SourceTitle "CB14_2024"]
[SourceDate "2024.04.01"]
[SourceVersion "1"]
[SourceVersionDate "2024.04.01"]
[SourceQuality "1"]

1. d4 d5 2. c4 e6 3. Nc3 Nf6 4. Bg5 Be7 5. e3 0-0 6. Nf3 h6 7. Bh4 b6 8. cxd5 Nxd5 9. Bxe7 Qxe7 10. Nxd5 exd5 11. Be2 c5 12. dxc5 Qxc5 13. 0-0 Be6 14. Rc1 Qd6 15. Nd4 Nd7 16. a3 Rfc8 17. Qd2 Nc5 18. b4 Ne4 19. Qb2 a5 20. Bb5 axb4 21. axb4 h5 22. Bd3 Nf6 23. h3 Qe5 24. Rxc8+ Rxc8 25. Rc1 Rxc1+ 26. Qxc1 Qd6 27. Qa3 Qc7 28. Qa8+ Qc8 29. Qa7 Nd7 30. Bb5 Qb8 31. Qa4 Nf6 32. Nc6 Qb7 33. Nd8 Qc7 34. Qa8 Kh7 35. Bd3+ g6 36. Nxe6 fxe6 37. Qf8 Qc1+ 38. Kh2 Qc7+ 39. g3 Qg7 40. Qd6 Qf7 41. Qf4 Kg7 42. Kg2 Nd7 43. Qd6 Nf6 44. Qe5 h4 45. gxh4 Kg8 46. Qg5 Kg7 47. h5 Nxh5 48. Qe5+ Nf6 0-1

[Event "Swiss Queens Wed #9"]
[Site "FIDE Online Arena INT"]
[Date "2024.03.27"]
[Round "11"]
[White "Pham, Le Thao Nguyen"]
[Black "Padmini, Rout"]
[Result "1-0"]
[WhiteElo "2395"]
[BlackElo "2353"]
[PlyCount "91"]
[EventDate "2024.03.27"]
[EventType "swiss (blitz)"]
[EventRounds "11"]
[EventCountry "NET"]
[SourceTitle "CB14_2024"]
[SourceDate "2024.04.01"]
[SourceVersion "1"]
[SourceVersionDate "2024.04.01"]
[SourceQuality "1"]

1. d4 Nf6 2. Nf3 g6 3. Bf4 Bg7 4. e3 0-0 5. h3 d6 6. Be2 Nfd7 7. 0-0 e5 8. Bh2 Nc6 9. c4 f5 10. Nc3 e4 11. Nd2 Nf6 12. Rc1 h5 13. Nd5 Ne7 14. Qb3 c6 15. Nxe7+ Qxe7 16. Qa3 Rd8 17. b4 b6 18. c5 bxc5 19. bxc5 d5 20. Rb1 Ne8 21. Qa4 Qe6 22. Ba6 g5 23. Bxc8 Rdxc8 24. Rb7 f4 25. exf4 e3 26. Nf3 exf2+ 27. Rxf2 g4 28. hxg4 hxg4 29. Ne5 Nf6 30. f5 Qe8 31. Qd1 Qh5 32. Qd3 Ne4 33. Rf4 Nxc5 34. Rxg7+ Kxg7 35. dxc5 Rab8 36. Rxg4+ Kh7 37. f6+ Kh8 38. Ng6+ Kg8 39. Bxb8 Qxg4 40. Ne7+ Kf7 41. Nxc8 Qxc8 42. Be5 Qg4 43. Qh7+ Ke6 44. Qe7+ Kf5 45. Qd7+ Kxe5 46. Qxg4 1-0

[Event "Swiss Queens Wed #8"]
[Site "FIDE Online Arena INT"]
[Date "2024.03.20"]
[Round "10"]
[White "Goltseva, Ekaterina"]
[Black "Pham, Le Thao Nguyen"]
[Result "0-1"]
[WhiteElo "2286"]
[BlackElo "2395"]
[PlyCount "116"]
[EventDate "2024.03.20"]
[EventType "swiss (blitz)"]
[EventRounds "11"]
[EventCountry "NET"]
[SourceTitle "CB13_2024"]
[SourceDate "2024.03.27"]
[SourceVersion "1"]
[SourceVersionDate "2024.03.27"]
[SourceQuality "1"]

1. d4 d5 2. c4 c6 3. cxd5 cxd5 4. Bf4 Nc6 5. e3 Nf6 6. Nc3 Bf5 7. Qb3 Na5 8. Qa4+ Bd7 9. Qc2 e6 10. Bd3 Rc8 11. Nf3 Be7 12. h3 0-0 13. 0-0 b5 14. Qe2 b4 15. Nb1 Ne4 16. Nbd2 f5 17. Ne5 Be8 18. Rfc1 Bd6 19. Ba6 Rxc1+ 20. Rxc1 Qb6 21. Bd3 h6 22. f3 Nxd2 23. Qxd2 Bb5 24. b3 Qa6 25. Bxb5 Qxb5 26. Nd3 Nb7 27. Bxd6 Nxd6 28. Rc5 Qa6 29. Nxb4 Qa3 30. Rc6 a5 31. Nc2 Ne4 32. Nxa3 Nxd2 33. Rc2 Nxb3 34. axb3 Rb8 35. Rc3 a4 36. bxa4 Ra8 37. Rc8+ Rxc8 38. Nb5 Rc4 39. a5 Ra4 40. Nc7 Kf7 41. a6 Ke7 42. Kf2 Kd7 43. Nb5 Rxa6 44. Nc3 Ra3 45. Ne2 Ra2 46. g4 g5 47. Kf1 Kd6 48. Ke1 Ke7 49. Kf2 Kf6 50. Ke1 e5 51. dxe5+ Kxe5 52. Nd4 f4 53. Nf5 fxe3 54. Nxe3 Kf4 55. Nxd5+ Kxf3 56. Ne7 Rh2 57. Nf5 Rxh3 58. Kd2 Kxg4 0-1

[Event "Titled Tuesday intern op 12th Mar Late"]
[Site "Chess.com INT"]
[Date "2024.03.12"]
[Round "1"]
[White "Payne, Matthew"]
[Black "Pham, Le Thao Nguyen"]
[Result "0-1"]
[WhiteElo "2077"]
[BlackElo "2395"]
[PlyCount "76"]
[EventDate "2024.03.12"]
[EventType "swiss (blitz)"]
[EventRounds "11"]
[EventCountry "USA"]
[SourceTitle "CB12_2024"]
[SourceDate "2023.10.01"]
[SourceVersion "1"]
[SourceVersionDate "2023.10.01"]
[SourceQuality "1"]

1. e4 c5 2. Nc3 e6 3. Nf3 a6 4. g3 b5 5. Bg2 Bb7 6. d4 cxd4 7. Nxd4 Nc6 8. 0-0 Qb6 9. Nb3 d6 10. Be3 Qc7 11. a4 b4 12. Ne2 Nf6 13. a5 Be7 14. Bb6 Qd7 15. c3 0-0 16. Qc2 Rfc8 17. Rad1 Qe8 18. Qb1 bxc3 19. Nxc3 Ne5 20. f4 Nc4 21. Nd2 Nxb6 22. axb6 Bd8 23. e5 Bxb6+ 24. Kh1 Bxg2+ 25. Kxg2 dxe5 26. fxe5 Ng4 27. Qe4 Ne3+ 28. Kh3 Nxd1 29. Nxd1 h6 30. Nc4 Bc5 31. Nde3 Ra7 32. Ng4 Rd7 33. Rf6 Rd4 34. Qf3 Rxc4 35. Rxh6 Rxg4 36. Qxg4 Bf8 37. Qh4 gxh6 38. Qg4+ Bg7 0-1

[Event "Titled Tuesday intern op 12th Mar Late"]
[Site "Chess.com INT"]
[Date "2024.03.12"]
[Round "2"]
[White "Pham, Le Thao Nguyen"]
[Black "Anton Guijarro, David"]
[Result "0-1"]
[WhiteElo "2395"]
[BlackElo "2671"]
[PlyCount "46"]
[EventDate "2024.03.12"]
[EventType "swiss (blitz)"]
[EventRounds "11"]
[EventCountry "USA"]
[SourceTitle "CB12_2024"]
[SourceDate "2023.10.01"]
[SourceVersion "1"]
[SourceVersionDate "2023.10.01"]
[SourceQuality "1"]

1. d4 Nf6 2. c4 b6 3. Nc3 Bb7 4. Nf3 e6 5. a3 Be7 6. Bf4 0-0 7. e3 Nh5 8. Bg3 d6 9. Bd3 h6 10. Bc2 Nd7 11. Qd3 g6 12. 0-0-0 a6 13. Qd2 Kg7 14. Kb1 b5 15. cxb5 axb5 16. Nxb5 Qb8 17. Bd3 Bxf3 18. gxf3 c6 19. Nc3 Rxa3 20. e4 Qb6 21. Bc4 d5 22. Kc2 dxc4 23. bxa3 Qb3+ 0-1

[Event "Titled Tuesday intern op 12th Mar Late"]
[Site "Chess.com INT"]
[Date "2024.03.12"]
[Round "10"]
[White "Pham, Le Thao Nguyen"]
[Black "Tristan, Leonardo"]
[Result "0-1"]
[WhiteElo "2395"]
[BlackElo "2521"]
[PlyCount "126"]
[EventDate "2024.03.12"]
[EventType "swiss (blitz)"]
[EventRounds "11"]
[EventCountry "USA"]
[SourceTitle "CB12_2024"]
[SourceDate "2023.10.01"]
[SourceVersion "1"]
[SourceVersionDate "2023.10.01"]
[SourceQuality "1"]

1. d4 d5 2. Nf3 Nf6 3. Bf4 e6 4. e3 Bd6 5. Bg3 0-0 6. Nbd2 c5 7. c3 Qc7 8. dxc5 Qxc5 9. Bd3 Nbd7 10. Qe2 h6 11. e4 Bxg3 12. hxg3 dxe4 13. Nxe4 Nxe4 14. Qxe4 Nf6 15. Qe2 Bd7 16. Ne5 Rfd8 17. 0-0 Be8 18. Rfd1 Rd5 19. Nf3 Rad8 20. Bc2 Bb5 21. Qe1 Bc6 22. Nd4 Be8 23. Nf3 Qb6 24. b3 Qa5 25. Rxd5 Nxd5 26. c4 Qxe1+ 27. Rxe1 Nb4 28. Bb1 a5 29. Kf1 a4 30. a3 Nc6 31. b4 b6 32. Ke2 Ne7 33. Rd1 Rc8 34. Bd3 f6 35. Rc1 e5 36. Nd2 Kf8 37. f3 Nc6 38. g4 Nd4+ 39. Ke3 Bf7 40. Ne4 Nb3 41. Rc3 Ke7 42. Ng3 g6 43. Ne4 f5 44. Nd2 Nd4 45. gxf5 gxf5 46. f4 Kf6 47. fxe5+ Kxe5 48. Nf3+ Nxf3 49. Kxf3 Kd4 50. Bxf5 Rf8 51. Rd3+ Kxc4 52. Kg4 Be6 53. Rf3 Rxf5 54. Rxf5 Kb3 55. Kf4 Bxf5 56. Kxf5 Kxa3 57. Kg6 Kxb4 58. Kxh6 a3 59. g4 a2 60. g5 a1Q 61. g6 Qf6 62. Kh7 Qxg6+ 63. Kxg6 Kc3 0-1

[Event "Titled Tuesday intern op 12th Mar Late"]
[Site "Chess.com INT"]
[Date "2024.03.12"]
[Round "3"]
[White "Rees, Ioan"]
[Black "Pham, Le Thao Nguyen"]
[Result "0-1"]
[WhiteElo "2272"]
[BlackElo "2395"]
[PlyCount "122"]
[EventDate "2024.03.12"]
[EventType "swiss (blitz)"]
[EventRounds "11"]
[EventCountry "USA"]
[SourceTitle "CB12_2024"]
[SourceDate "2023.10.01"]
[SourceVersion "1"]
[SourceVersionDate "2023.10.01"]
[SourceQuality "1"]

1. c4 c6 2. d4 d5 3. Nf3 Nf6 4. cxd5 cxd5 5. Nc3 Nc6 6. Bf4 a6 7. Ne5 e6 8. e3 Nxe5 9. Bxe5 Be7 10. Bd3 0-0 11. 0-0 Bd7 12. Rc1 Rc8 13. Bb1 Qb6 14. Qd3 g6 15. Qe2 Bb5 16. Nxb5 Qxb5 17. Qxb5 axb5 18. Bd3 b4 19. b3 Rc3 20. Rxc3 bxc3 21. Rc1 Rc8 22. f3 Ba3 23. Rc2 Nd7 24. Bg3 Bb2 25. Kf1 Nb8 26. Bb5 Nc6 27. Bxc6 Rxc6 28. Ke2 b5 29. a4 bxa4 30. bxa4 Ra6 31. Be1 Rxa4 32. Bxc3 Bxc3 33. Rxc3 Ra2+ 34. Kf1 h5 35. Rc1 h4 36. Re1 h3 37. Re2 Ra1+ 38. Kf2 Rh1 39. Kg3 hxg2 40. Rxg2 Rd1 41. h4 Kh7 42. Kf4 Rh1 43. Kg5 Kg7 44. Kg4 Kh6 45. e4 Rd1 46. Kf4 Rxd4 47. Ke5 Rd3 48. f4 Re3 49. Kf6 Rxe4 50. Kxf7 Rxf4+ 51. Kxe6 d4 52. Ke5 Rxh4 53. Rd2 Kh5 54. Kf6 g5 55. Rg2 Rf4+ 56. Ke5 Kh4 57. Rh2+ Kg3 58. Rh1 d3 59. Rg1+ Kf3 60. Rf1+ Ke2 61. Rg1 d2 0-1

[Event "Swiss Queens Wed #5"]
[Site "FIDE Online Arena INT"]
[Date "2024.02.28"]
[Round "3"]
[White "Gomez Barrera, Javiera Belen"]
[Black "Pham, Le Thao Nguyen"]
[Result "0-1"]
[WhiteElo "2217"]
[BlackElo "2395"]
[PlyCount "72"]
[EventDate "2024.02.28"]
[EventType "swiss (blitz)"]
[EventRounds "11"]
[EventCountry "NET"]
[SourceTitle "CB10_2024"]
[SourceDate "2024.03.06"]
[SourceVersion "1"]
[SourceVersionDate "2024.03.06"]
[SourceQuality "1"]

1. e4 c6 2. d4 d5 3. e5 Bf5 4. h4 h5 5. Bd3 Bxd3 6. Qxd3 Qa5+ 7. Bd2 Qa6 8. e6 Qxd3 9. exf7+ Kxf7 10. cxd3 Nd7 11. Nf3 Nh6 12. Bc3 Nf5 13. Nbd2 g6 14. 0-0 Bh6 15. b4 Rac8 16. a4 Rhg8 17. Rfe1 g5 18. Nxg5+ Bxg5 19. hxg5 Rxg5 20. Nf3 Rg4 21. Ne5+ Nxe5 22. Rxe5 e6 23. Rae1 Rg6 24. Kf1 h4 25. Bb2 Rcg8 26. g3 hxg3 27. fxg3 Rxg3 28. Ba1 Rg1+ 29. Kf2 R8g2+ 30. Kf3 Rg3+ 31. Kf2 R1g2+ 32. Kf1 Ra2 33. Rxe6 Rxa1 34. R6e5 Rxe1+ 35. Kxe1 Nxd4 36. Kf2 Rxd3 0-1

[Event "Swiss Queens Wed #5"]
[Site "FIDE Online Arena INT"]
[Date "2024.02.28"]
[Round "4"]
[White "Pham, Le Thao Nguyen"]
[Black "Gunina, Valentina"]
[Result "0-1"]
[WhiteElo "2395"]
[BlackElo "2437"]
[PlyCount "78"]
[EventDate "2024.02.28"]
[EventType "swiss (blitz)"]
[EventRounds "11"]
[EventCountry "NET"]
[SourceTitle "CB10_2024"]
[SourceDate "2024.03.06"]
[SourceVersion "1"]
[SourceVersionDate "2024.03.06"]
[SourceQuality "1"]

1. d4 d5 2. Nf3 Nf6 3. c4 c6 4. cxd5 cxd5 5. Nc3 Nc6 6. Bf4 a6 7. e3 Bf5 8. Be2 e6 9. 0-0 Bd6 10. Bg3 0-0 11. Rc1 Bxg3 12. hxg3 Qd6 13. Na4 Nd7 14. a3 Rac8 15. b4 a5 16. b5 Ne7 17. Qb3 h6 18. Nd2 Rc7 19. Bd3 Bxd3 20. Qxd3 Rfc8 21. Nb3 Qxa3 22. Ra1 Qb4 23. Rfb1 Qc4 24. Qxc4 dxc4 25. Nxa5 b6 26. Nc6 Nxc6 27. bxc6 Rxc6 28. Nc3 Nf6 29. e4 Rd8 30. Rd1 Rc7 31. Rab1 Rcd7 32. e5 Nd5 33. Ne4 f5 34. Nd6 c3 35. Rdc1 Ra8 36. Rb5 Rc7 37. Rc2 Ra1+ 38. Kh2 Rd1 39. Rxd5 exd5 0-1

[Event "Titled Tuesday intern op 27th Feb Late"]
[Site "Chess.com INT"]
[Date "2024.02.27"]
[Round "2"]
[White "Pham, Le Thao Nguyen"]
[Black "Dzierzak, Radoslaw"]
[Result "1/2-1/2"]
[WhiteElo "2395"]
[BlackElo "2215"]
[PlyCount "112"]
[EventDate "2024.02.27"]
[EventType "swiss (blitz)"]
[EventRounds "11"]
[EventCountry "USA"]
[SourceTitle "CB10_2024"]
[SourceDate "2024.03.06"]
[SourceVersion "1"]
[SourceVersionDate "2024.03.06"]
[SourceQuality "1"]

1. d4 Nf6 2. Nf3 e6 3. Bf4 c5 4. e3 cxd4 5. exd4 b6 6. c3 Bb7 7. Nbd2 Be7 8. Bd3 0-0 9. 0-0 d6 10. Re1 Nbd7 11. Qe2 Re8 12. a4 a6 13. Ng5 Nf8 14. h4 Nd5 15. Qh5 g6 16. Qg4 Nxf4 17. Qxf4 Bf6 18. Be4 e5 19. Qf3 d5 20. Bc2 Bxg5 21. hxg5 Qxg5 22. Nf1 e4 23. Qe3 Qxe3 24. fxe3 f5 25. g3 Ne6 26. Nd2 g5 27. Re2 Kh8 28. Rf1 Rf8 29. Bb3 Rf6 30. Ref2 Raf8 31. c4 dxc4 32. Bxc4 Nxd4 33. exd4 e3 34. Re2 exd2 35. Rxd2 f4 36. gxf4 gxf4 37. d5 Rg8+ 38. Kf2 Rfg6 39. b3 Rg2+ 40. Ke1 Re8+ 41. Kd1 Rxd2+ 42. Kxd2 Rd8 43. Rxf4 b5 44. axb5 axb5 45. Bxb5 Rxd5+ 46. Bd3 Ba6 47. Rf3 Kg7 48. Kc3 Rxd3+ 49. Rxd3 Bxd3 50. Kxd3 Kf7 51. Kd4 Ke7 52. Ke5 Kd7 53. Kf6 Kc6 54. Kg5 Kc5 55. Kh6 Kb4 56. Kxh7 Kxb3 1/2-1/2

[Event "Titled Tuesday intern op 27th Feb Late"]
[Site "Chess.com INT"]
[Date "2024.02.27"]
[Round "4"]
[White "Pham, Le Thao Nguyen"]
[Black "Khakhinov, Ilya"]
[Result "1-0"]
[WhiteElo "2395"]
[BlackElo "2236"]
[PlyCount "101"]
[EventDate "2024.02.27"]
[EventType "swiss (blitz)"]
[EventRounds "11"]
[EventCountry "USA"]
[SourceTitle "CB10_2024"]
[SourceDate "2024.03.06"]
[SourceVersion "1"]
[SourceVersionDate "2024.03.06"]
[SourceQuality "1"]

1. d4 d5 2. c4 dxc4 3. Nf3 a6 4. a4 Nf6 5. e3 e6 6. Bxc4 c5 7. 0-0 Nc6 8. Nc3 Be7 9. Qe2 cxd4 10. exd4 0-0 11. Rd1 Nb4 12. Ne5 b6 13. Bg5 Bb7 14. Rac1 Nfd5 15. Bxe7 Qxe7 16. Qg4 Rac8 17. Bd3 Nxc3 18. bxc3 Nxd3 19. Rxd3 f6 20. Nf3 Rc4 21. Re1 Bd5 22. Nd2 Rxa4 23. Nf1 f5 24. Qf4 Be4 25. Rh3 Rc8 26. Nd2 Bd5 27. Rg3 Ra3 28. Nb1 Rb3 29. h4 b5 30. h5 a5 31. h6 g6 32. Rge3 Qf6 33. Qg3 a4 34. Nd2 Rb2 35. Nf3 a3 36. Ng5 a2 37. Nxe6 Bxe6 38. Rxe6 Qxe6 39. Rxe6 a1Q+ 40. Kh2 Qa7 41. Qe5 Qf7 42. Re7 Rf8 43. Rxf7 Rxf7 44. Qe8+ Rf8 45. Qe6+ Rf7 46. Qe8+ Rf8 47. Qd7 Rf7 48. Qe6 Rxf2 49. d5 Rd2 50. Qe8+ Rf8 51. Qxb5 1-0

[Event "Titled Tuesday intern op 27th Feb Late"]
[Site "Chess.com INT"]
[Date "2024.02.27"]
[Round "10"]
[White "Pham, Le Thao Nguyen"]
[Black "Sahakyan, Aleks"]
[Result "1-0"]
[WhiteElo "2395"]
[BlackElo "2318"]
[PlyCount "107"]
[EventDate "2024.02.27"]
[EventType "swiss (blitz)"]
[EventRounds "11"]
[EventCountry "USA"]
[SourceTitle "CB10_2024"]
[SourceDate "2024.03.06"]
[SourceVersion "1"]
[SourceVersionDate "2024.03.06"]
[SourceQuality "1"]

1. d4 Nf6 2. Nf3 d5 3. Bf4 c5 4. e3 Qb6 5. Nc3 c4 6. Rb1 e6 7. a3 Qa5 8. Qd2 Nc6 9. Be2 b5 10. Ne5 Nxe5 11. Bxe5 b4 12. axb4 Bxb4 13. Bxf6 gxf6 14. 0-0 f5 15. Ra1 Qb6 16. Qc1 Bb7 17. Na4 Qc7 18. g3 h5 19. c3 Bd6 20. f4 h4 21. Kg2 Ke7 22. Rh1 Rag8 23. Kf2 Rh6 24. Qc2 Rgh8 25. Bf3 Qb8 26. b4 cxb3 27. Qxb3 Kf6 28. Rab1 hxg3+ 29. hxg3 Rxh1 30. Bxh1 Bc6 31. Qa2 Qg8 32. Nc5 Rh2+ 33. Bg2 Bxc5 34. Kg1 Rxg2+ 35. Qxg2 Bb6 36. Qh3 Ke7 37. Qh4+ Kd7 38. Kf2 Qg4 39. Qxg4 fxg4 40. Ke2 Ba4 41. Kd2 Kc6 42. Rh1 f5 43. Rh7 Bb3 44. Kc1 Kd6 45. Kb2 Ba4 46. Rg7 Bd7 47. Rg8 a5 48. Ra8 Kc6 49. Rh8 Kb5 50. Ka3 Bc7 51. Kb2 Bd6 52. Rd8 Kc6 53. Ra8 Kb7 54. Rh8 1-0